भाषा शुध्दी ( क.क्र.26/4 ) (Record no. 404555)

MARC details
000 -LEADER
fixed length control field 00472nam a2200145Ia 4500
008 - FIXED-LENGTH DATA ELEMENTS--GENERAL INFORMATION
fixed length control field 100122s9999 xx 000 0 und d
082 ## - DEWEY DECIMAL CLASSIFICATION NUMBER
Item number 13842
Classification number 410
100 ## - MAIN ENTRY--PERSONAL NAME
Personal name सावरकर
245 ## - TITLE STATEMENT
Title भाषा शुध्दी ( क.क्र.26/4 )
260 ## - PUBLICATION, DISTRIBUTION, ETC. (IMPRINT)
Name of publisher, distributor, etc ग.मो.जोशी
Date of publication, distribution, etc 1966
300 ## - PHYSICAL DESCRIPTION
Extent 142
630 ## - SUBJECT ADDED ENTRY--UNIFORM TITLE
Uniform title भाषा शुध्दी ( क.क्र.26/4 )
730 ## - ADDED ENTRY--UNIFORM TITLE
Uniform title भाषा शुध्दी ( क.क्र.26/4 )
942 ## - ADDED ENTRY ELEMENTS (KOHA)
Koha item type Book

No items available.